000 00802nam a2200265Ia 4500
001 Para_4613
003 CHAP
008 220125s1924 xx 000 0 und d
010 _a203094
040 _cCHAP
090 _aPA FOLLETO 1954
100 _aMarcovitch, S
_971308
245 _aNew Insecticides for the mexican bean beetle and other insects /
_c S. Marcovitch
260 _aKnoxville, Tennessee :
_b Agricultural Experiment Station
300 _a19 p.
440 _aTennessee. Agri. Exp. Sta. Bull; 131
_9168693
650 _aEpilachna varivestis Insecticidas Frijol
_x Plagas
_9168694
901 _aPA FOLLETO 1954
902 _aA
905 _a0000001924 KNO 0000000000 00
910 _a1924
942 _cPARA
942 _cPARA
_d1
999 _c203094
_d203094